[Event "XIX Sants Open 2017"]
[Site "Cotxeres de Sants"]
[Date "2017.08.19"]
[Round "2"]
[White "Mamah, Isabelle"]
[Black "Mut Company, Guillem"]
[Result "1/2-1/2"]
[WhiteElo "1807"]
[BlackElo "1948"]
[Annotator "NA RC"]
[PlyCount "219"]
[EventDate "2017.??.??"]
[EventType "swiss"]
[EventCountry "ESP"]
[SourceTitle "playchess.com"]
[Source "ChessBase"]
[SourceQuality "1"]
[TimeControl "40/5400+30:1800+30"]

1. e4 {[%emt 0:00:00]} c6 {[%emt 0:02:06]} 2. d4 {[%emt 0:00:00]} d5 {[%emt 0:00:20]} 3. exd5 {[%emt 0:00:00]} cxd5 {[%emt 0:00:11]} 4. Bd3 {[%emt 0:00:08]} Nc6 {[%emt 0:00:25]} 5. c3 {[%emt 0:00:07]} Qc7 {[%emt 0:00:04]} 6. Nf3 {[%emt 0:05:13]} Bg4 {[%emt 0:01:03]} 7. O-O {[%emt 0:00:47]} e6 {[%emt 0:01:28] LiveBook: 27 Games B13: Caro-Kann: Exchange Variation and Panov-Botvinnik Attack} 8. Nbd2 {[%emt 0:00:16]} (8. h3 $5 {[%cal Rh3g4]} Bh5 9. Re1 $11) 8... Bd6 {[%emt 0:01:21]} 9. h3 Bh5 {[%emt 0:01:06]} 10. Re1 {[%emt 0:00:26]} Nge7 {[%emt 0:05:37]} 11. Qa4 {[%emt 0:05:24]} O-O {[%emt 0:02:18]} 12. Qc2 {[%emt 0:00:10]} Bg6 {[%emt 0:01:20]} 13. Nf1 {[%emt 0:03:14]} Nb4 {[%emt 0:04:58]} 14. cxb4 {[%emt 0:00:31]} Qxc2 {[%emt 0:00:05]} 15. Bxc2 {[%emt 0:00:03]} Bxc2 {[%emt 0:00:11]} 16. Bd2 $146 {[%emt 0:03:14]} Rac8 {[%emt 0:08:39]} 17. Bc3 {[%emt 0:02:00]} Rc7 {[%emt 0:06:35]} 18. Ne3 {[%emt 0:01:56]} Ba4 {[%emt 0:03:45]} 19. a3 {[%emt 0:02:03]} Bf4 {[%emt 0:02:30]} 20. g3 {[%emt 0:04:30]} Bxe3 {[%emt 0:02:24]} 21. fxe3 {[%emt 0:00:02]} Nf5 {[%emt 0:00:39]} 22. Kf2 {[%emt 0:00:22]} Nd6 {[%emt 0:00:42]} 23. Nd2 {[%emt 0:05:59]} Nb5 {[%emt 0:08:55]} 24. Rac1 {[%emt 0:00:07]} Rfc8 {[%emt 0:01:29]} 25. Nb1 {[%emt 0:00:05]} Nd6 {[%emt 0:01:56]} 26. Nd2 {[%emt 0:01:14]} h6 {[%emt 0:06:09]} 27. Kf3 {[%emt 0:02:02]} Bd7 {[%emt 0:01:37]} 28. h4 {[%emt 0:01:32]} b6 {[%emt 0:00:44]} 29. Rg1 {[%emt 0:05:28]} Nb5 {[%emt 0:03:04]} 30. Nb1 {[%emt 0:00:05]} Nd6 {[%emt 0:01:21]} 31. Nd2 {[%emt 0:00:34]} h5 {[%emt 0:00:17]} 32. e4 {[%emt 0:04:44]} dxe4+ {[%emt 0:03:37]} 33. Ke3 {[%emt 0:01:53]} Bc6 {[%emt 0:01:04]} 34. Rcf1 {[%emt 0:06:28]} Bb5 {[%emt 0:02:45]} 35. Rf4 {[%emt 0:00:30]} Bd3 {[%emt 0:01:30]} 36. Nxe4 {[%emt 0:00:58]} Bxe4 {[%emt 0:01:41]} 37. Rxe4 {[%emt 0:00:03]} Rxc3+ {[%emt 0:07:40]} 38. bxc3 {[%emt 0:00:05]} Rxc3+ {[%emt 0:00:05]} 39. Kf4 {[%emt 0:00:16]} Nxe4 {[%emt 0:00:17]} 40. Kxe4 {[%emt 0:00:00]} Rxa3 {[%emt 0:01:28]} 41. d5 {[%emt 0:02:31]} exd5+ {[%emt 0:02:37]} 42. Kxd5 {[%emt 0:00:02]} a5 {[%emt 0:05:42]} 43. bxa5 {[%emt 0:02:09]} bxa5 {[%emt 0:00:16]} 44. Kc4 {[%emt 0:00:06]} f5 {[%emt 0:04:48]} 45. Kd5 {[%emt 0:01:52]} Kf7 {[%emt 0:02:00]} 46. Ke5 {[%emt 0:00:02]} g6 {[%emt 0:00:43]} 47. Kf4 {[%emt 0:00:18]} Kf6 {[%emt 0:02:01]} 48. Rc1 {[%emt 0:00:50]} Ra4+ {[%emt 0:00:21]} 49. Kf3 {[%emt 0:00:05]} Re4 {[%emt 0:04:23]} 50. Rc6+ {[%emt 0:00:18]} Re6 {[%emt 0:00:32]} 51. Rc4 {[%emt 0:01:32]} Ra6 {[%emt 0:01:41]} 52. Ra4 {[%emt 0:00:04]} Ke5 {[%emt 0:00:30]} 53. Ke3 {[%emt 0:00:14]} Kd5 {[%emt 0:00:42]} 54. Kd3 {[%emt 0:04:22]} Kc5 {[%emt 0:00:15]} 55. Kc3 {[%emt 0:00:20]} Kb5 {[%emt 0:00:26]} 56. Rd4 {[%emt 0:00:47]} a4 {[%emt 0:03:12]} 57. Kb2 {[%emt 0:00:17]} a3+ {[%emt 0:00:52]} 58. Ka2 {[%emt 0:00:02]} Kc5 {[%emt 0:00:46]} 59. Rf4 {[%emt 0:01:00]} Kd5 {[%emt 0:00:55]} 60. Rb4 {[%emt 0:00:08]} Ke5 {[%emt 0:00:38]} 61. Rc4 {[%emt 0:00:25]} Rd6 {[%emt 0:04:42]} 62. Rc3 {[%emt 0:01:59]} Ke4 {[%emt 0:01:03]} 63. Rxa3 {[%emt 0:00:27]} Rd2+ {[%emt 0:00:11]} 64. Kb1 {[%emt 0:00:24]} Rd3 {[%emt 0:00:39]} 65. Ra4+ {[%emt 0:00:38]} Kd5 {[%emt 0:01:17]} 66. Ra5+ {[%emt 0:00:08]} Kc4 {[%emt 0:00:12]} 67. Kc2 {[%emt 0:02:59]} Rxg3 {[%emt 0:00:33]} 68. Kd2 {[%emt 0:00:03]} Kd4 {[%emt 0:00:55]} 69. Ke2 {[%emt 0:00:06]} Ke4 {[%emt 0:00:38]} 70. Kf2 {[%emt 0:00:24]} f4 {[%emt 0:01:58]} 71. Rb5 {[%emt 0:01:04]} Ra3 {[%emt 0:01:21]} 72. Rb4+ {[%emt 0:02:26]} Kf5 {[%emt 0:00:13]} 73. Rb5+ {[%emt 0:00:10]} Ke4 {[%emt 0:01:41]} 74. Rb4+ {[%emt 0:00:14]} Ke5 {[%emt 0:02:04]} 75. Rb5+ {[%emt 0:00:32]} Kf6 {[%emt 0:03:46]} 76. Rb6+ {[%emt 0:00:03]} Kf5 {[%emt 0:03:27]} 77. Rb5+ {[%emt 0:00:02]} Kg4 {[%emt 0:00:11]} 78. Rg5+ {[%emt 0:00:03]} Kxh4 {[%emt 0:00:05]} 79. Rxg6 {[%emt 0:00:17]} Rg3 {[%emt 0:00:32]} 80. Rf6 {[%emt 0:01:26]} Kg5 {[%emt 0:00:43]} 81. Rf8 {[%emt 0:00:05]} h4 {[%emt 0:00:40]} 82. Rg8+ {[%emt 0:01:14]} Kf5 {[%emt 0:01:12]} 83. Rf8+ {[%emt 0:00:44]} Kg4 {[%emt 0:00:42]} 84. Rg8+ {[%emt 0:00:43]} Kh3 {[%emt 0:01:03]} 85. Rf8 {[%emt 0:00:42]} Rg4 {[%emt 0:01:04]} 86. Kf3 {[%emt 0:00:53]} Rg1 {[%emt 0:00:23]} 87. Kf2 {[%emt 0:00:16]} Rg2+ {[%emt 0:03:20]} 88. Kf3 {[%emt 0:00:34]} Kh2 {[%emt 0:00:27]} 89. Rxf4 {[%emt 0:00:47]} h3 {[%emt 0:00:26]} 90. Rh4 {[%emt 0:03:02]} Rg3+ {[%emt 0:01:33]} 91. Kf2 {[%emt 0:00:11]} Rg8 {[%emt 0:01:28]} 92. Rf4 {[%emt 0:08:38]} Rg2+ {[%emt 0:00:13]} 93. Kf1 {[%emt 0:00:07]} Kg3 {[%emt 0:00:34]} 94. Rf7 {[%emt 0:01:30]} Ra2 {[%emt 0:00:31]} 95. Rg7+ {[%emt 0:01:06] [#]} Kh2 $1 {[%emt 0:00:35]} 96. Rg6 {[%emt 0:00:52]} Ra1+ {[%emt 0:00:32]} 97. Kf2 {[%emt 0:00:08]} Ra2+ {[%emt 0:00:04]} 98. Kf1 {[%emt 0:00:21]} Rg2 {[%emt 0:00:20]} 99. Rh6 {[%emt 0:00:54]} Rg4 $11 {[%emt 0:00:21]} 100. Rf6 {[%emt 0:03:08]} Kh1 {[%emt 0:00:25]} 101. Kf2 {[%emt 0:01:53]} Ra4 {[%emt 0:00:56]} 102. Kf1 {[%emt 0:02:05]} Kh2 {[%emt 0:00:28]} 103. Rf3 {[%emt 0:01:04]} Ra2 {[%emt 0:00:31]} 104. Rf8 {[%emt 0:00:18]} Ra3 {[%emt 0:00:26]} 105. Kf2 {[%emt 0:00:14]} Kh1 {[%emt 0:00:24]} 106. Kf1 {[%emt 0:00:08]} h2 {[%emt 0:00:07]} 107. Rf7 {[%emt 0:01:22]} Ra2 {[%emt 0:00:21]} 108. Rf6 {[%emt 0:00:19]} Ra1+ {[%emt 0:00:46]} 109. Kf2 {[%emt 0:00:03]} Rg1 {[%emt 0:00:21]} 110. Rf7 {[%emt 0:00:20]} 1/2-1/2

[Event "XIX Sants Open 2017"]
[Site "Cotxeres de Sants"]
[Date "2017.08.19"]
[Round "2"]
[White "Aparicio Escudero, Hector F"]
[Black "Torres Janer, Marc"]
[Result "1/2-1/2"]
[WhiteElo "1641"]
[BlackElo "1503"]
[Annotator "NA"]
[PlyCount "108"]
[EventDate "2017.??.??"]
[EventType "swiss"]
[EventCountry "ESP"]
[SourceTitle "playchess.com"]
[Source "ChessBase"]
[SourceQuality "1"]
[TimeControl "40/5400+30:1800+30"]

1. d4 c5 2. c3 cxd4 3. cxd4 d6 4. e4 Nc6 5. Nf3 Nf6 6. Nc3 e6 7. Bb5 Bd7 8. O-O Be7 9. e5 Nd5 10. Nxd5 exd5 11. Bf4 Nxe5 12. Bxd7+ Nxd7 13. Qb3 Nb6 14. Rac1 O-O 15. Rc2 Qd7 16. Rfc1 Rfc8 17. Qd3 Rxc2 18. Rxc2 Rc8 19. b3 Rxc2 20. Qxc2 Qc8 21. Qe2 Qe6 22. Kf1 Qe4 23. Bg3 Qxe2+ 24. Kxe2 Nd7 25. Ne1 h6 26. Nc2 g6 27. Ne3 Nb6 28. a4 a5 29. f3 Nc8 30. Nxd5 Kf8 31. Kd3 Ke8 32. Kc4 Kd7 33. Be1 Bd8 34. Bd2 h5 35. h3 Kc6 36. Nc3 Nb6+ 37. Kd3 Nd5 38. Ne4 b6 39. Kc4 Nc7 40. Nc3 d5+ 41. Kd3 Bf6 42. Bf4 Ne6 43. Be3 Nc7 44. Ne2 Ne6 45. Nf4 Nxf4+ 46. Bxf4 Kd7 47. Be5 Bd8 48. Ke3 Ke6 49. g4 h4 50. Kd3 Kd7 51. Bh2 g5 52. Bg1 f6 53. Be3 Bc7 54. Bd2 Bd6 1/2-1/2

[Event "XIX Sants Open 2017"]
[Site "Cotxeres de Sants"]
[Date "2017.08.19"]
[Round "2"]
[White "Shadrin, Ilya"]
[Black "Sanchez Viana, Jordi"]
[Result "1/2-1/2"]
[WhiteElo "1628"]
[BlackElo "1498"]
[Annotator "NA"]
[PlyCount "66"]
[EventDate "2017.??.??"]
[EventType "swiss"]
[EventCountry "ESP"]
[SourceTitle "playchess.com"]
[Source "ChessBase"]
[SourceQuality "1"]
[TimeControl "40/5400+30:1800+30"]

1. b3 {[%emt 0:00:00]} e5 {[%emt 0:02:10]} 2. Bb2 {[%emt 0:00:00]} d6 {[%emt 0:00:17]} 3. e3 {[%emt 0:00:00]} Nf6 {[%emt 0:00:43]} 4. d4 {[%emt 0:00:14]} exd4 {[%emt 0:00:25]} 5. Bxd4 {[%emt 0:02:56]} Be7 {[%emt 0:03:27]} 6. Nf3 {[%emt 0:00:12]} Bg4 {[%emt 0:02:14]} 7. Bd3 {[%emt 0:02:19]} Nc6 {[%emt 0:02:13]} 8. Bb2 {[%emt 0:03:41]} Ne5 {[%emt 0:04:05]} 9. Nbd2 {[%emt 0:05:36]} Nxd3+ {[%emt 0:01:39]} 10. cxd3 {[%emt 0:00:06]} O-O {[%emt 0:01:26]} 11. O-O {[%emt 0:00:27]} d5 {[%emt 0:04:04]} 12. Rc1 {[%emt 0:06:28]} Bd6 {[%emt 0:04:08]} 13. Qc2 {[%emt 0:02:07]} c6 {[%emt 0:05:54]} 14. Be5 {[%emt 0:01:04]} Ba3 {[%emt 0:01:56]} 15. Rb1 {[%emt 0:00:12]} Bd6 {[%emt 0:04:08]} 16. Qc3 {[%emt 0:09:30]} Re8 {[%emt 0:04:29]} 17. a3 {[%emt 0:02:52]} Qe7 {[%emt 0:03:38]} 18. Bxd6 {[%emt 0:00:34]} Qxd6 {[%emt 0:00:43]} 19. b4 {[%emt 0:00:22]} Nd7 {[%emt 0:03:18]} 20. Qd4 {[%emt 0:01:53]} Qg6 {[%emt 0:02:16]} 21. Nh4 {[%emt 0:07:05]} Qe6 {[%emt 0:07:12]} 22. h3 {[%emt 0:03:30]} Bh5 {[%emt 0:01:54]} 23. g4 {[%emt 0:04:21]} Bg6 {[%emt 0:00:46]} 24. Nxg6 {[%emt 0:02:14]} hxg6 {[%emt 0:01:29]} 25. Kh2 {[%emt 0:02:27]} Qe5+ {[%emt 0:05:49]} 26. Qxe5 {[%emt 0:00:25]} Nxe5 {[%emt 0:00:44]} 27. d4 {[%emt 0:00:30]} Nd7 {[%emt 0:00:45]} 28. Nb3 {[%emt 0:01:42]} Nb6 {[%emt 0:04:02]} 29. Na5 {[%emt 0:02:48]} Re7 {[%emt 0:03:21]} 30. Rfc1 {[%emt 0:00:48]} a6 {[%emt 0:02:11]} 31. Rc2 {[%emt 0:04:19]} Nc8 {[%emt 0:01:53]} 32. Rbc1 {[%emt 0:00:16]} Nd6 {[%emt 0:00:47]} 33. a4 {[%emt 0:05:58]} Rae8 {[%emt 0:01:02]} 1/2-1/2

[Event "XIX Sants Open 2017"]
[Site "Cotxeres de Sants"]
[Date "2017.08.19"]
[Round "2"]
[White "Ortiz Padro, Pol"]
[Black "Fernandez Benito, Carlos Pablo"]
[Result "1/2-1/2"]
[WhiteElo "1500"]
[BlackElo "1632"]
[Annotator "NA"]
[PlyCount "56"]
[EventDate "2017.??.??"]
[EventType "swiss"]
[EventCountry "ESP"]
[SourceTitle "playchess.com"]
[Source "ChessBase"]
[SourceQuality "1"]
[TimeControl "40/5400+30:1800+30"]

1. e4 {[%emt 0:00:00]} e6 {[%emt 0:00:16]} 2. d4 {[%emt 0:00:00]} d5 {[%emt 0:00:10]} 3. Bd3 {[%emt 0:00:01]} dxe4 {[%emt 0:00:41]} 4. Bxe4 {[%emt 0:00:28]} Nf6 {[%emt 0:00:26]} 5. Bf3 {[%emt 0:00:58]} Be7 {[%emt 0:01:46]} 6. Ne2 {[%emt 0:00:24]} O-O {[%emt 0:01:39]} 7. c4 {[%emt 0:04:37]} c6 {[%emt 0:05:33]} 8. Nbc3 {[%emt 0:00:31]} Nbd7 {[%emt 0:00:48]} 9. Bf4 {[%emt 0:00:26]} Re8 {[%emt 0:00:42]} 10. O-O {[%emt 0:01:00]} Nf8 {[%emt 0:01:13]} 11. Re1 {[%emt 0:00:44]} Ng6 {[%emt 0:00:31]} 12. Bg3 {[%emt 0:00:30]} Bd6 {[%emt 0:01:29]} 13. Ne4 {[%emt 0:02:24]} Bxg3 {[%emt 0:02:55]} 14. N2xg3 {[%emt 0:01:33]} Nxe4 {[%emt 0:03:59]} 15. Bxe4 {[%emt 0:00:22]} f5 {[%emt 0:00:19]} 16. Bc2 {[%emt 0:00:47]} Bd7 {[%emt 0:08:47]} 17. Qd2 {[%emt 0:05:33]} Qh4 {[%emt 0:07:01]} 18. b3 {[%emt 0:00:46]} Rad8 {[%emt 0:00:50]} 19. d5 {[%emt 0:00:48]} cxd5 {[%emt 0:01:23]} 20. cxd5 {[%emt 0:00:11]} Bc6 {[%emt 0:00:56]} 21. d6 {[%emt 0:01:01]} Nf4 {[%emt 0:03:48]} 22. f3 {[%emt 0:01:57]} Nh5 {[%emt 0:06:24]} 23. Nxh5 {[%emt 0:06:48]} Qxh5 {[%emt 0:00:16]} 24. Re5 {[%emt 0:00:56]} Bd5 {[%emt 0:03:49]} 25. Bxf5 {[%emt 0:01:14]} Qf7 {[%emt 0:01:32]} 26. Qd3 {[%emt 0:05:15]} g6 {[%emt 0:01:56]} 27. Be4 {[%emt 0:02:02]} Rxd6 {[%emt 0:03:11]} 28. Re1 {[%emt 0:00:52]} Red8 {[%emt 0:03:35]} 1/2-1/2

[Event "XIX Sants Open 2017"]
[Site "Cotxeres de Sants"]
[Date "2017.08.20"]
[Round "3"]
[White "Jumabayev, Rinat"]
[Black "Quirhuayo Chumbe, German Gonzalo"]
[Result "1-0"]
[WhiteElo "2610"]
[BlackElo "2397"]
[Annotator "TA"]
[PlyCount "91"]
[EventDate "2017.??.??"]
[EventType "swiss"]
[EventCountry "ESP"]
[SourceTitle "playchess.com"]
[Source "ChessBase"]
[SourceQuality "1"]

{[%evp 23,91,70,80,46,93,91,93,99,127,90,100,62,66,25,12,13,18,35,24,25,74,42,85,56,143,96,159,104,206,158,172,124,309,313,540,540,544,527,550,550,550,550,548,548,548,548,805,793,879,866,828,797,873,853,870,818,840,777,840,784,897,891,893,850,1113,1107,1102,1104,1097,1093]} 1. Nf3 Nf6 2. g3 g6 3. Bg2 Bg7 4. O-O O-O 5. d4 d6 6. c4 Nc6 7. Nc3 a6 8. Bf4 Rb8 {E63: King's Indian: Fianchetto: Panno Variation with 7...a6} 9. Rc1 h6 (9... Bd7 10. Qd2 b5 11. Nd5 bxc4 12. Nxf6+ Bxf6 13. Rxc4 e5 14. dxe5 Nxe5 15. Nxe5 dxe5 {1-0 (47) Svidler,P (2727)-Jones,G (2623) Berlin 2015}) 10. h3 g5 11. Bd2 g4 12. hxg4 Nxg4 {LiveBook: 3 Games} 13. Nd5 f5 $146 ({Predecessor:} 13... e5 14. dxe5 dxe5 15. Bc3 f5 16. Rc2 {1-0 (30) Vorobiov,E (2583)-Esplugas Esteve,V (2280) Sitges 2016}) 14. Bc3 e6 15. Nf4 Ne7 16. Nh2 Nf6 17. Qd3 Qe8 18. b4 Ng6 19. Nxg6 Qxg6 20. Nf3 $36 {[%mdl 2048] White is more active.} Bd7 21. Nh4 Qh5 22. Bf3 Ng4 23. Kg2 Rf6 ({Black should try} 23... Qf7 $14) 24. e3 b6 (24... Rf7 $142) 25. b5 ({White should play} 25. e4) 25... a5 (25... axb5 $16 {was worth a try.} 26. cxb5 Rf7) 26. Qe2 Rf7 27. Rh1 Re8 $2 {[#]} (27... Qg5 $16) 28. Nxf5 $1 $18 {[%mdl 512]} Qxh1+ $2 (28... Qxf5 29. Bxg4 Qf6) (28... exf5 29. Rxh5) 29. Rxh1 {White is clearly winning.} exf5 30. Bd5 Be6 31. Bxe6 Rxe6 32. Qd3 Nf6 33. Qxf5 Ree7 {Now ...Ne4 and Black clings on.} 34. Qd3 d5 35. cxd5 Nxd5 36. Bd2 Rd7 37. Rh5 Nf6 38. Rf5 Rfe7 39. Qc4+ Kh8 40. f3 Ne8 41. Qd3 Kg8 42. Bc3 Nd6 43. Rd5 Nf7 44. Rxd7 Rxd7 45. Qc4 Kf8 46. e4 {Precision: White = 62%, Black = 28%.} 1-0

[Event "XIX Sants Open 2017"]
[Site "Cotxeres de Sants"]
[Date "2017.08.20"]
[Round "3"]
[White "Heimann, Andreas"]
[Black "Konguvel, Ponnuswamy"]
[Result "1/2-1/2"]
[WhiteElo "2591"]
[BlackElo "2383"]
[Annotator "TA"]
[PlyCount "45"]
[EventDate "2017.??.??"]
[EventType "swiss"]
[EventCountry "ESP"]
[SourceTitle "playchess.com"]
[Source "ChessBase"]
[SourceQuality "1"]

{[%evp 30,45,0,-4,0,-18,-18,-14,-18,-13,0,-2,0,0,0,0,-16,-11]} 1. c4 g6 2. e4 c5 3. Nf3 Nc6 4. d4 cxd4 5. Nxd4 Nf6 6. Nc3 d6 7. Be2 Nxd4 8. Qxd4 Bg7 9. Be3 O-O 10. Qd2 Be6 11. Rc1 a5 {B36: Sicilian: Maroczy Bind: Gurgenidze System} (11... Qa5 12. f3 Rfc8 13. b3 Rab8 14. Na4 Qxd2+ 15. Kxd2 Bd7 16. Nc3 a6 17. g4 Bc6 18. b4 Be8 19. g5 Nd7 20. f4 Kf8 21. h4 {1-0 (41) Yu,Y (2750)-Zvjaginsev,V (2661) China 2017}) 12. f3 a4 13. Nb5 Qa5 14. Rc2 Rfc8 15. Qxa5 Rxa5 16. Kd2 {LiveBook: 3 Games. The position is equal.} Nd7 17. Nd4 Nc5 {[#]} 18. Nxe6 $146 ({Predecessor:} 18. g4) 18... Nxe6 19. Rb1 Bd4 20. f4 Bxe3+ 21. Kxe3 Nc5 22. Rd2 Ra6 23. Rc1 1/2-1/2

[Event "XIX Sants Open 2017"]
[Site "Cotxeres de Sants"]
[Date "2017.08.20"]
[Round "3"]
[White "Grigoryan, Karen H"]
[Black "Debray, Christopher"]
[Result "1-0"]
[WhiteElo "2570"]
[BlackElo "2358"]
[Annotator "TA"]
[PlyCount "67"]
[EventDate "2017.??.??"]
[EventType "swiss"]
[EventCountry "ESP"]
[SourceTitle "playchess.com"]
[Source "ChessBase"]
[SourceQuality "1"]

{[%evp 15,67,-25,-33,-30,21,0,0,2,48,39,46,8,35,27,45,27,38,0,0,0,0,0,113,114,130,129,130,104,110,102,111,70,81,105,196,196,287,287,289,282,272,292,286,287,290,290,283,289,281,273,269,257,255,252]} 1. e4 c6 2. d4 d5 3. e5 c5 4. dxc5 e6 5. Qg4 h5 {[%cal Bh7h5,Bh5h4][%mdl 32]} (5... Nc6 6. Nf3 Nge7 7. Bb5 Ng6 8. Be3 Bd7 9. Bxc6 bxc6 10. c3 Qb8 11. Qb4 Qc7 12. Qd4 Ne7 13. Qd3 {½-½ (42) Vachier Lagrave,M (2796)-Fontaine,R (2549) chess.com INT 2017}) 6. Qg3 {B12: Caro-Kann: Advance Variation} h4 7. Qg4 Nh6 8. Bxh6 Rxh6 {LiveBook: 3 Games} 9. Nf3 g6 $146 (9... Bd7 $142) ({Find the theoretical novelty and annotate with similar games:} 9... Nd7 10. Bb5 Rg6 11. Qh3 a6 12. Bd3 Rh6 13. O-O Nxc5 {1-0 (55) Khalifman,A (2655)-Kachiani Gersinska,K (2415) Bad Wiessee 1997}) 10. Nc3 Bxc5 11. O-O-O Bd7 12. Qf4 Rh5 13. Bd3 Be7 14. Kb1 $40 {[%mdl 128] White attacks.} a6 15. Rhe1 {[#] Hoping for Nxd5!} Qb6 $1 16. Nd4 {aiming for Nxd5!} Ba3 {[%csl Ga3][%cal Rb6b2]} 17. Nb3 Be7 $1 18. Be2 Rh8 (18... Bg5 $11 {remains equal.} 19. Qd4 Qxd4 20. Rxd4 (20. Nxd4 Rh8 $11) 20... Nc6) 19. Rxd5 $16 exd5 20. Nxd5 g5 21. Nxb6 gxf4 22. Nxa8 Bc6 23. Nd4 Bxg2 24. e6 b5 (24... Bd8 $16) 25. Nc7+ $18 Kd8 (25... Kf8 $142 26. Nf5 f3) 26. exf7 {White has a decisive advantage.} Kxc7 27. Bf3 Bxf3 28. Rxe7+ Kd8 {[#]} 29. Re8+ $1 {[%mdl 512]} Rxe8 30. fxe8=Q+ ({Less strong is} 30. fxe8=N Bd5 $16) (30. fxe8=B Bg4 $16) 30... Kxe8 31. Nxf3 Kf7 32. Kc1 Kf6 33. Kd2 Kf5 34. h3 {Precision: White = 78%, Black = 63%.} ({Much less strong is} 34. Nxh4+ Kg4 $18) 1-0

[Event "XIX Sants Open 2017"]
[Site "Cotxeres de Sants"]
[Date "2017.08.20"]
[Round "3"]
[White "Ortiz Suarez, Isan Reynaldo"]
[Black "Martin, Julian"]
[Result "1/2-1/2"]
[WhiteElo "2556"]
[BlackElo "2353"]
[Annotator "TA"]
[PlyCount "128"]
[EventDate "2017.??.??"]
[EventType "swiss"]
[EventCountry "ESP"]
[SourceTitle "playchess.com"]
[Source "ChessBase"]
[SourceQuality "1"]

{[%evp 19,128,54,54,59,56,35,39,31,33,36,51,41,51,51,85,92,77,69,119,77,77,73,73,71,74,72,81,42,47,12,18,5,72,72,85,92,87,89,111,104,79,78,179,125,156,107,147,107,140,128,123,66,77,76,246,246,246,241,246,246,308,202,231,209,437,199,199,199,194,199,199,199,199,199,257,195,155,59,59,55,62,63,1348,1281,1212,1212,809,806,745,295,153,47,212,0,8,8,8,8,8,8,8,0,0,0,0,0,0,0,0,0,0]} 1. e4 c5 2. Nf3 Nc6 3. Bb5 d6 4. O-O Bd7 5. Re1 a6 6. Bxc6 Bxc6 7. d4 cxd4 8. Nxd4 e5 {B51: Sicilian: Moscow Variation (3 Bb5+) without 3...Bd7} (8... Rc8 9. c4 Nf6 10. Nc3 Bd7 11. b3 b5 12. Bg5 bxc4 13. Nd5 h6 14. Bxf6 gxf6 15. Qf3 h5 16. h3 {1-0 (40) Anand,V (2793)-Nakamura,H (2775) London 2014}) 9. Nxc6 bxc6 10. c4 Nf6 {LiveBook: 9 Games. White is slightly better.} 11. Nc3 Be7 12. Qa4 Qc7 $146 ({Find the theoretical novelty and annotate with similar games:} 12... Qd7 13. Bg5 O-O 14. Rad1 Qc7 15. Rd2 {½-½ (15) Andreev,E (2468)-Weetik,V (2454) Taganrog 2010}) 13. Bg5 O-O 14. Rad1 a5 15. Re2 Rab8 16. Qc2 Nh5 17. Bxe7 Qxe7 18. Red2 Rfd8 19. g3 g6 20. Qa4 Qc7 21. Qa3 Ng7 22. Rxd6 Ne6 23. Rxd8+ Rxd8 24. Rxd8+ Qxd8 25. Kg2 g5 (25... Qd3 $11) 26. Qa4 $16 Qf6 27. Qd1 Nd4 28. Qg4 Qg6 29. h4 gxh4 30. Qxh4 Ne6 (30... Kg7 $16) 31. Nd1 ({White should try} 31. a3 $1 $18) 31... Ng5 32. f3 h6 33. Nf2 Kg7 34. c5 Ne6 35. Nd3 (35. Ng4 $16) 35... f6 $14 36. Qh3 $36 {[%mdl 2048] Black is under strong pressure.} Kf7 $2 (36... Qe8 $16) 37. Qf5 $1 $18 Qxf5 38. exf5 {[%mdl 4096] Endgame KN-KN} Nd4 39. g4 $1 h5 40. b3 ({Weaker is} 40. gxh5 Nxf5 41. a4 Ne3+ 42. Kf2 Nc2 $16) 40... hxg4 41. fxg4 Ne2 $2 (41... Kg7 42. Nf2 Ne2) 42. Nb2 (42. b4 $142) 42... Nc1 43. Nc4 Nxa2 44. Nxa5 Nb4 45. Kf3 Ke8 46. Nb7 Ke7 (46... Nd5 $142 47. Ke4 Kd7) 47. Ke4 Kd7 48. g5 (48. Ke3 $1 $16) 48... fxg5 $14 49. Kxe5 Nd3+ 50. Ke4 Nc1 $2 {[%mdl 8192]} (50... Nb4 $14) 51. Na5 $18 g4 52. Kf4 Nd3+ 53. Kxg4 Nxc5 54. Kg5 $2 (54. Kh5 Kd6 55. Kg6) 54... Kd6 {[#]} 55. Kg6 (55. Nc4+ $1 $16 Kd5 56. Nd2) 55... Nd7 $2 {[#]} (55... Kd5 $1 $14 56. f6 Ne6) 56. f6 $2 (56. Nc4+ $1 $18 Kd5 57. Kg7) 56... Kc5 {The position is equal.} 57. Nc4 Nxf6 $1 58. Kxf6 $11 {KN-KP} Kb4 59. Nd2 Kc3 60. Ke5 Kxd2 61. Kd4 Kc2 62. b4 Kb3 63. Kc5 Kc3 64. Kxc6 {White wants to mate with b5.} Kxb4 {Precision: White = 54%, Black = 32%.} 1/2-1/2